Statistics for South Korea World Cup 2022 Squad

Click here to take the quiz!

General Stats

  • This quiz has been taken 11 times
  • The average score is 7 of 26

Answer Stats

PositionClubPlayer% Correct
MFTottenham HotspurSon Heung-Min
100%
DFJeonbuk Hyundai MotorsKim Moon-Hwan
78%
DFUlsan HyundaiKim Tae-Hwan
78%
MFWolvesHwang Hee-Chan
67%
DFNapoliKim Min-Jae
67%
FWOlympiacosHwang Ui-Jo
56%
FWJeonbuk Hyundai MotorsCho Gue-Sung
33%
DFDaejeon Hana CitizenCho Yu-Min
33%
DFJeonbuk Hyundai MotorsKim Jin-Su
33%
MFFSV Mainz 05Lee Jae-Sung
33%
MFRCD MallorcaLee Kang-In
33%
GKUlsan HyundaiJo Hyeon-Woo
22%
MFOlympiacosHwang In-Beom
11%
MFSC FreiburgJeong Woo-Yeong
11%
GKAl-ShababKim Seung-Gyu
11%
DFGamba OsakaKwon Kyung-Won
11%
MFFC SeoulNa Sang-Ho
11%
MFJeonbuk Hyundai MotorsPaik Seung-Ho
11%
GKJeonbuk Hyundai MotorsSong Bum-Keun
11%
MFJeonbuk Hyundai MotorsSong Min-Kyu
11%
MFShandong TaishanSon Jun-Ho
11%
DFFC SeoulYoon Jong-Gyu
11%
DFDaegu FCHong Chul
0%
MFAl-SaddJung Woo-Young
0%
DFUlsan HyundaiKim Young-Gwon
0%
MFGimcheon SangmuKwon Chang-Hoon
0%

Score Distribution

Percentile by Number Answered

Percent of People with Each Score

Your Score History

You have not taken this quiz